000 00723nam a2200217Ia 4500
003 GCL
005 20240530102923.0
008 140319s9999 xx 000 0 ara d
040 _aGCL /
_cGCL
082 0 4 _a811.9
_bع ا
100 1 _aعبدالرحمن الابنودى
245 1 0 _aالاستعمار العربى قصيدة بالعامية المصرية /
_cعبدالرحمن الابنودى
260 _a[S.N] :
_bالمركز الاعلامى الكويتى ،
_c1991
300 _a124 ص
650 0 4 _aالشعر العربى
650 0 4 _aالادب العربى
650 0 4 _aالعصر الحديث
650 0 4 _aالشعر القومى
650 0 4 _aالشعر السياسى
942 _2ddc
_cBK
999 _c35362
_d35362